USA history timeline quiz - Statistics

General Stats
  • This quiz has been taken 220 times
  • The average score is 10 of 15
Answer Stats
Event Answer % Correct
JFK assassinated 1963
89%
Barack Obama becomes first Afro American president 2008
88%
Boston Tea Party 1773
81%
Korean war starts 1950
81%
George Washington is elected US president 1789
80%
Abraham Lincoln is elected president 1860
78%
Bill Clinton elected president 1993
74%
San Francisco earthquake kills 500 people and destroys 4 sq miles of city 1906
68%
The US capital is moved from Philadelphia to Washington 1800
64%
Panama canal opens to traffic 1914
63%
Charles Lindbergh makes first solo non stop transatlantic flight 1927
61%
Texas declares ite independence from Mexico 1836
55%
US acquires Alaska fron Russia 1867
55%
Spain agrees ti cede Florida to US 1812
48%
US adopts standard time 1882
42%
No matching quizzes found
Score Distribution
Percent of People with Each Score
Percentile by Number Answered
Your Score History
You have not taken this quiz